000
00262nam a2200109Ia 4500
008
200302s9999 xx 000 0 und d
100
_a
J. E. Gordon
245
_a
Structures or why things don't fall down
260
_b
Dacapo Press
260
_c
2003
300
_a
395
999
_c
7033
_d
7033